Missing Word: Marvel Characters Quiz Stats

 Plays Quiz Updated Nov 13, 2017

Challenge
Share
Tweet
Embed
Score 0/20 Timer 05:00
0 Plays Today
Secret Identity Missing Word % Correct
Charles _____Xavier
88.2%
_____ BarnesBucky
79%
Victor von _____Doom
74.6%
Natasha _____Romanova
68.2%
_____ BartonClint
66.7%
Wade _____Wilson
65.9%
Susan _____Storm
63.2%
Peter _____Quill
62.7%
Hank _____Pym
62%
_____ RichardsReed
61.8%
Secret Identity Missing Word % Correct
_____ GrimmBen
59.8%
_____ StrangeStephen
59.5%
Scott _____Summers
55.4%
_____ LehnsherrErik
55.4%
James _____Howlett
41.1%
_____ CreedVictor
40.7%
Danny _____Rand
38.9%
Johann _____Shmidt
32%
_____ MarieAnna
28.5%
Jennifer _____ Walters
21.6%

Today's Daily Dose

Word Ladder
Anchorman

Get the Picture
'Head' Bands

You're not logged in!

Compare scores with friends on all Sporcle quizzes.
OR
Log In

You Might Also Like...

Show Comments

Extras

Top Quizzes Today


Score Distribution

Your Account Isn't Verified!

In order to create a playlist on Sporcle, you need to verify the email address you used during registration. Go to your Sporcle Settings to finish the process.

Report this User

Report this user for behavior that violates our Community Guidelines.

Details: